[Event "RUS-Cup03 Geller Memorial"]
[Site "Moscow"]
[Date "1999.02.08"]
[Round "7"]
[White "Lobzhanidze, Davit"]
[Black "Landa, Konstantin"]
[Result "0-1"]
[WhiteElo "2452"]
[BlackElo "2542"]
[Annotator "Ribli,Z"]
[PlyCount "104"]
[EventDate "1999.02.10"]
[EventType "swiss"]
[EventRounds "9"]
[EventCountry "RUS"]
[SourceTitle "CBM 070"]
[Source "ChessBase"]
[SourceDate "1999.06.08"]
[SourceVersion "1"]
[SourceVersionDate "1999.06.08"]
[SourceQuality "1"]

{[%mdl 576]} 1. e4 c5 2. Nf3 e6 3. d4 cxd4 4. Nxd4 Nc6 {Der schwarze Spieler
ist ein Spezialist in der Paulsen-Variante. In anderen Partien probierte er
die Fortsetzung 4...a6 aus. Ribli.} 5. Nc3 Qc7 6. g3 a6 {Ein wohlbekannter
Fehler wäre 6...Nf6?, denn Weß kommt dann mit 7Bf4 e5 8.Ndb5 in Vorteil.} 7.
Bg2 Nf6 8. O-O {Heutzutage ist die Alternative 8...Bc5, die ich auch empfehle,
beliebter.} Nxd4 9. Qxd4 Bc5 10. Bf4 d6 (10... Bxd4 11. Bxc7 Bxc3 12. bxc3 d5
13. exd5 Nxd5 14. Be5 f6 (14... O-O 15. Rfd1) 15. c4 $1 $14 (15. Bd4 b5 16. a4
Bb7 $11)) 11. Qd2 (11. Qd3) 11... h6 (11... Nd7 $2 12. Rad1 Ne5 13. Na4 O-O 14.
Qc3 f6 15. Be3 $16) 12. Rad1 e5 13. Be3 Bg4 (13... Ke7 $6 {Dieser Variante war
früher sehr populär, aber der König steht im Zentrum unsicher.} 14. Bxc5 Qxc5
15. Na4 Qc7 (15... Qc6 $6) 16. f4 a5 $5 {Mit diesem Zug verhindert Schwarz das
nach 17.fxe5 dxe5 drohende 18.Qb4.} 17. Qd3 b5 18. Nc3 Be6 19. Nxb5 Qc5+ 20.
Kh1 Bc4 21. Qxd6+ Qxd6 22. Nxd6 Bxf1 23. Nf5+ Kf8 24. Rxf1 $14 {Weiß hat zwei
Bauern für die Qualität ,und Schwarz stellen sich Probleme mit der Verbindung
der Türme.}) (13... Bxe3 14. fxe3 {[%csl Rd6]} Ke7 15. Rxf6 $18 {[%cal Rc3d5,
Rd5e7,Rd5c7]}) 14. Bxc5 dxc5 (14... Bxd1 $4 15. Bxd6 $18) 15. f3 (15. Qd6 $5
Rc8 $5 (15... Qxd6 16. Rxd6 Rd8 17. Rxd8+ Kxd8 18. Nd5 Nd7 19. f3 Be6 20. Rd1
Kc8 21. a4 Rd8 22. Bf1 Nf6 23. Bc4 Nxd5 24. exd5 Kc7 25. Rd2 Bf5 {1/2-1/2
Peredy,F-Touzane,O/Budapest FS11 IM-A 1995/EXP 50 (38)}) 16. Rd2 $5 Qxd6 17.
Rxd6 Nd7 18. f3 $1 (18. Nd5 Rc6 19. Rxc6 bxc6 20. Ne3 Be6 21. Rd1 Ke7 22. Bf1
Nb6 $1 23. b3 a5 24. f4 f6 {1/2-1/2 Marinkovic,S-Vojinovic,G/Jugoslavija 
(ch_open) 1994/Inf 62 (24)}) 18... Ke7 19. Rfd1 Be6 20. f4 $1 Bg4 21. Bf3 $1 {
1/2-1/2 Matulovic,M-Mackic,Z/JUG 1997/EXT 99 (88)} Bh3 22. Bg2 $11) 15... Be6
16. f4 O-O (16... Rd8 17. Nd5 Bxd5 18. exd5 e4 19. Rfe1 (19. c4 O-O 20. Rfe1
Rfe8 21. Qc2 $14 {[%csl Re4]}) 19... Rxd5 20. Rxe4+ Kd8 21. Qe2 Rxd1+ 22. Qxd1+
Qd7 23. Qxd7+ Kxd7 24. Re5 $14 {1-0 Fischer,R-Taimanov,M/Vancouver (m/4) 1971 
(71)}) 17. Nd5 (17. Qd6 Qa5 18. Qd2 (18. Qxe5 Ng4 19. Qh5 Ne3 20. f5 Bc4 21. f6
Bxf1 22. fxg7 Kxg7 23. Rd6 $44 {1/2-1/2 Korneev,O-Fominyh,A/Minsk 1995/EXP 46 
(27)}) 18... Qc7 19. f5 Bc4 20. Rfe1 Rad8 21. Qe3 a5 22. Bf3 Rd4 23. b3 Ba6 24.
Nd5 Nxd5 25. exd5 f6 26. c3 Rxd1 27. Rxd1 Rd8 28. c4 b6 {1/2-1/2 Zlatanovic,
Z-Zivanic,S/JUG-chT2 1994/EXT 94ch (40)}) (17. f5 Bc4 (17... Rad8 18. Qe3 Bc8
19. Nd5 Nxd5 20. exd5 f6 $14) 18. Rfe1 b5 19. b3 b4 20. bxc4 bxc3 21. Qxc3 Rfd8
$44 {[%csl Yd4] Weiß hat einen Mehrbauern, aber sein Läufer steht passiv auf
g2 und die schwarze Stellung ist fest.}) 17... Bxd5 18. exd5 exf4 (18... e4 19.
Rfe1 Rfe8 20. c4 Qd7 21. Qc2 Qf5 22. Re2 Re7 23. Rde1 Ree8 24. Qb3 h5 25. Qb6
Qc8 26. d6 Re6 27. Bh3 Ng4 {1/2-1/2 Zelic,Z-Raicevic,V/JUG-chT Cetinje 1990/
EXT 90ch (45)}) (18... Qd6 19. fxe5 (19. Rfe1 exf4 20. Qxf4 Rfd8 21. Qxd6 Rxd6
22. Re7 b6 23. Rc7 Rad8 24. c4 R8d7 25. Rc8+ Rd8 26. Bh3 Rxc8 27. Bxc8 a5 28.
Bb7 Ne4 {1/2-1/2 Large,P-Fischdick,G/London 1984/EXT 99/[Bulletin] (54)}) 19...
Qxe5 20. c4 Qd6 21. Qf4 Rad8 22. Rfe1 Qxf4 23. gxf4 Ne8 24. Re7 Nd6 25. b3 Rfe8
26. Rde1 Kf8 27. R7e5 b5 {1/2-1/2 Ernst,T-Bergstrom,C/SVE-ch Norrkoeping 1988/
EXT 88ch (64)}) 19. d6 $13 (19. Qxf4 Qb6 (19... Qxf4 20. Rxf4 Rfe8 21. d6 $16)
20. b3 $14) (19. Rxf4 Qd6 $13 {[%csl Gd6] Die Dame blockiert den weißen
Freibauern.}) 19... Qb6 {[%cal Gb6g1,Gb6b2]} 20. c3 $6 (20. Qxf4 Qxb2 21. c4
$44) 20... Rad8 $5 {Schwarz beschäftigt sich nicht mit g3, sondern entwickelt
seinen Turm.} (20... fxg3 21. hxg3 (21. Rxf6 gxf6 22. Qxh6 Qxb2 $17 {Und nach
23.Qxf6 kommt 23...Qf2+ oder nach 23.Be4 Qxh2+.}) 21... Rad8 22. Rxf6 gxf6 23.
Qxh6 Rxd6 24. Rd5 {[%cal Rd5h5,Rh5h8]} Rxd5 25. Bxd5 Qxb2 26. Qg6+ Kh8 27. Qh6+
$11) 21. Rxf4 Rfe8 {[%csl Rd6][%cal Re8e6,Re6d6]} 22. Rxf6 {Das ist eine
praktische Chance für Weiß. Ansonsten verliert er seinen d-Bauern.} (22. Bd5
Nxd5 23. Qxd5 Re6 24. d7 Re7 $17 {[%csl Rd7]}) 22... gxf6 23. c4 (23. Qxh6 Rxd6
24. Bd5 c4+ 25. Kf1 Rxd5 26. Rxd5 Qxb2 $17 {[%csl Rf1]}) 23... Re6 {[%csl Rd6]}
(23... Rd7 $2 24. Bh3) 24. d7 f5 $15 {[%csl Rd7] Schwarz verteidigt sich gegen
25.Bh3. Der d-Bauer ist wieder schwach.} (24... Re7 25. Bh3 {[%cal Gh3d7]}) 25.
Qf4 Qxb2 26. Qc7 (26. Qh4 Qf6 $17) 26... Qb6 27. Qxb7 Qxb7 28. Bxb7 Kf8 $17 {
Schwarz hat eine Qualität mehr, aber die Verwertung ist noch nicht so leicht,
denn Weiß kann seinen d-Bauern behaupten.} 29. Rd5 {[%cal Rd5c5,Rd5f5]} Ke7 30.
Bc8 f4 $1 {Unter zeitweiligem Bauernopfer befreit sich Schwarz von seinee
Bauernschwäche f5.} 31. gxf4 Re4 {[%cal Re4c4,Rd4f4]} 32. Rxc5 Rxf4 33. Re5+
Kd6 34. Re8 Kc7 35. c5 Ra4 {[%csl Ga4][%cal Ra4a2]} 36. Re2 a5 37. Rb2 Kc6 {
[%csl Rc5] Weiß verliert wegen der Aktivierung des weißen Königs seinen
c-Bauern.} 38. Rf2 (38. Rc2 Rf4 {[%csl Rc5][%cal Rf4f5,Rf5c5]}) 38... Kxc5 39.
Rxf7 Rxa2 {[%csl Ga5]} 40. Rf5+ Kd4 41. Rf6 a4 $1 {Der schwarze h-Bauer ist
ohne Bedeutung, während der a-Freibauer die Partie entscheidet.} 42. Rxh6 a3 {
[%csl Ga3]} 43. Ra6 Rg8+ {[%csl Rg1] Der zunächst passive Turm aktiviert sich
auf der 8. Reihe und es scheint, als sei der weiße König jetzt in schwieriger
Lage.} 44. Kf1 (44. Kh1 $4 Ra1#) 44... Kc5 {Gegen 45.Rd6 gerichtet.} 45. Bb7
Rd8 46. Bc8 (46. Bc6 Rb2 $19) 46... Rf8+ $19 47. Ke1 (47. Kg1 Rg8+ 48. Kf1 Ra1+
$19) 47... Rg8 {[%csl Re1][%cal Rg8g1]} 48. Kf1 Ra1+ 49. Kf2 a2 {[%cal Ra1h1,
Rh1h2] Es droht die Umgehung mit 50...Rh1 und nach 51.Rxa2 Rxh2 mit Gewinn.}
50. Bb7 Rb1 {[%cal Ra2a1,Rb1b7]} 51. Rxa2 Rxb7 52. Rc2+ Kd6 {und Weiß gab auf.}
(52... Kd6 53. Rc8 Rb8 $19) 0-1

[Event "GRE-ch 48th"]
[Site "Athens"]
[Date "1998.12.18"]
[Round "6"]
[White "Anagnostopoulos, Dimitrios"]
[Black "Banikas, Hristos"]
[Result "1/2-1/2"]
[WhiteElo "2445"]
[BlackElo "2490"]
[Annotator "Ribli,Z"]
[PlyCount "90"]
[EventDate "1998.12.08"]
[EventType "tourn"]
[EventRounds "11"]
[EventCountry "GRE"]
[EventCategory "7"]
[SourceTitle "CBM 069"]
[Source "ChessBase"]
[SourceDate "1999.04.01"]
[SourceVersion "1"]
[SourceVersionDate "1999.04.01"]
[SourceQuality "1"]

1. e4 c5 2. Nf3 Nc6 3. d4 cxd4 4. Nxd4 Qc7 5. Nc3 e6 6. Be2 a6 7. O-O Nf6 8.
Kh1 Nxd4 (8... Bb4) (8... b5) (8... Be7 {Das ist die sichere Fortsetzung für
Schwarz. Die Partie geht zur Scheveninger Variante über. Ribli.}) 9. Qxd4 Bc5
10. Qd3 b5 {Schwarz stellt den Läufer nach b7. Er spielt eine Schlüsselrolle
in der Paulsen-Variante. Statt diese Fortsetzung ist auch 10...h5!? spielbar.}
11. f4 Bb7 {Schwarz muß vorsichtig sein: 11...h5? wäre nicht gut wegen 12.e5
Ng4 13.Qh3 und nach 13...Nf2+ 14.Rxf2 Bxf2 kommt 15.Qf3 mit gutem weißem Spiel.
} 12. Bf3 h5 {[%cal Gf6g4] Nach diesem Zug beginnt Schwarz Aktionen am
Königsflügel. Es scheint, daß der weiße König gar nicht besser steht, als sein
Gegenüber in der Mitte.} (12... O-O) 13. e5 Ng4 14. Ne4 {Dieser Zug wird
selten gespielt, aber nach der Alternative 14.Bxb7 Qxb7 kann Schwarz das Spiel
ausgleichen. Prinzipiell das ist es logisch, daß Weiß nicht die weißfeldrigen
Läufer tauscht.} (14. Bxb7 Qxb7 15. Ne4 Be7 16. b3 (16. Bd2 Rc8 17. a3 Qd5 $5
18. Bb4 Qxd3 19. cxd3 f6 $11) 16... Rc8 $1 17. Bb2 Nh6 18. Qf3 (18. Rac1 Nf5
19. Rfd1 h4 20. c4 $2 (20. Qf3) 20... bxc4 21. bxc4 h3 22. g4 $2 (22. g3) 22...
Rh4 $1 23. gxf5 Rxf4 24. fxe6 dxe6 $17 {Felsberger,A-Grabliauskas,V/Pula 1997/
Inf 69/[Lutz,Ch] (24)}) 18... Qb8 (18... Qb6 $5) 19. Rf2 Nf5 20. Rd1 h4 21.
Rfd2 {1/2-1/2 Van der Wiel,J-Kobalija,M/Wijk aan Zee II 1998/Inf 71/[Van der
Wiel,J] (45)} (21. Rd3 Rc7 22. Rfd2 {1/2-1/2 Lutz,C-Grabliauskas,V/Pula 1997/
Inf 69/[Lutz,Ch] (47)})) 14... Bxe4 (14... Rb8 15. Bxg4 hxg4 16. Nxc5 Qxc5 17.
Qg3 Qxc2 18. Kg1 Qf5 19. Be3 Rc8 20. Rac1 O-O {0-1 Slekys,E-Ruzele,D/LTU-ch
Vilnius Vilnius 1995/EXP 49 (43)}) (14... Be7 15. Be3 Rc8 16. Rad1 Bd5 17. Nd6+
Bxd6 18. exd6 Qxd6 19. Bxd5 Qxd5 20. Bd4 Qc4 {1/2-1/2 Nisipeanu,L-Gustafsson,J/
City-ch, Hamburg GER 1998 (20)}) 15. Qxe4 {[%cal Re4a8] Weiß hat das
Läuferpaar, aber das ist alles. Schwarz hat aktives Figurenspiel und taktische
Gegenchancen am Königsflügel.} (15. Bxe4 Rd8 $11) 15... Rc8 {[%cal Rg4f2,Rf2h1]
} (15... Rd8) 16. Qe2 (16. Bxg4 hxg4 $11 {[%cal Gh8h1]}) 16... Nh6 {[%cal
Gh6f5]} (16... f5 17. c3 Kf7 18. Bd2 Qb6 19. b4 Nf2+ 20. Kg1 Nh3+ 21. Kh1 Nf2+
{1/2-1/2 Hort,V-Teske,H/BL 1995/BL 90 (21)}) 17. Be3 (17. Bxh5 $2 Nf5 $44 {
[%csl Rh1,Rh5][%cal Gh8h1,Gc5g1] Die schwarze Kompensation ist mehr als
ausreichend.}) 17... Nf5 18. Bf2 (18. Bxc5 Qxc5 {[%csl Rc2][%cal Gf5d4,Gd4e2,
Gd4f3,Gd4c2]} 19. c3 h4 $5 {[%cal Rf5g3,Rg3e2,Rg3f1,Rg3h1,Gh8h1]}) 18... h4 {
[%csl Rh1][%cal Rf5g3,Gh8h1] Die Drohung 19...Ng3+ ist sehr unangenehm für
Weiß.} 19. Kg1 g5 $5 $36 {[%csl Rg1]} (19... Nd4 20. Qd3 (20. Bxd4 Bxd4+ 21.
Kh1 Bxb2 $17) 20... Nxf3+ 21. Qxf3 $11) 20. Bg4 (20. fxg5 Ng3 $1 21. hxg3 hxg3
22. Be3 (22. Bxc5 $2 Qxc5+ $19) 22... Qxe5 {[%csl Re3,Rg1]} 23. Rfe1 Qxg5 (
23... Rh4 $5) 24. Bxc5 (24. Rad1 $2 Rh1+ $1 25. Kxh1 Qh4+ 26. Kg1 Qh2+ 27. Kf1
Qh1+ 28. Bg1 Qxg1#) 24... Rxc5 $40 {[%csl Gg3]}) {[#]} 20... Ng3 $5 {[%cal
Rg3f1,Rg3e2] Mit diesem Opfer übernimmt Schwarz die Initiative.} (20... gxf4
21. Bxf5 exf5 22. Qf3 $11) 21. hxg3 hxg3 22. Be3 (22. Bxc5 Qxc5+ $19 {[%csl
Rg1]}) 22... gxf4 23. Rxf4 Qxe5 $44 {[%csl Re3,Rg1][%cal Re5f4,Re5e3]} 24. Rf3
$8 Rh4 {[%csl Rg4,Gh4][%cal Rh4g4]} (24... Qxb2 $5 25. Rd1 $15) 25. Bh3 Re4 {
[%csl Re3,Rg1]} (25... Qxb2 $5) 26. Re1 f5 27. Kf1 $8 {Weiß verteidigt die
Dame auf e2 und meidet die Diagonale a7-g1.} Bxe3 (27... Qxb2 28. Rxg3 $13) 28.
Rxe3 Qf4+ (28... Rxe3 29. Qxe3 Qxe3 30. Rxe3 Rxc2 31. Rxg3 Rxb2 32. Ra3 $14)
29. Qf3 (29. Kg1 Rxe3 30. Qxe3 Qxe3+ 31. Rxe3 Rxc2 {[%csl Ra2,Rb2,Gc2][%cal
Rc2c1,Rc1g1]} 32. Rxg3 Rxb2 $11) (29. Rf3 Rxe2 30. Rxf4 Rxe1+ 31. Kxe1 Rxc2 $11
) 29... Rxc2 30. Rxe4 (30. Qxf4 $2 Rxf4+ 31. Kg1 Rxb2 $17) 30... Rf2+ (30...
Qxf3+ 31. gxf3 Rf2+ 32. Kg1 fxe4 33. fxe4 Rxb2 $11) 31. Kg1 Rxf3 32. Rxf4 Rxf4
{Schwarz hat drei Bauern für die Figur und der h3-Läufer steht schrecklich
passiv. Allerdings ist der Bauer g3 schwach.} 33. Re3 {[%csl Rg3]} Ra4 {
[%csl Ra2]} 34. Bxf5 $5 {Endlich aktiviert Weiß den Läufer.} (34. Rxg3 Rxa2 $15
) 34... Rxa2 35. Bd3 (35. Bg6+ Ke7 36. Rxg3 Rxb2 37. Ra3 $11) 35... Rxb2 36.
Rxg3 a5 {[%csl Ga5,Gb5] Die schwarzen Freibauern sind gefährlich.} 37. Rg8+ Ke7
38. Ra8 {[%csl Ga8]} a4 39. Ra5 {[%csl Rb5]} d5 40. Bxb5 (40. Rxb5 $2 Rxb5 41.
Bxb5 a3 $19 {[%csl Ga3][%cal Ra3a2,Ra2a1]}) 40... a3 {[%csl Rg1]} 41. Kh2 $8 {
Weiß muß den Motiven ...a3-a2 / Rb1+ vorbeugen.} a2 42. Bd3 e5 (42... Kd6 $5)
43. Bh7 $1 $11 {[%csl Ga5][%cal Gh7g8,Gg8a2] Mit aktivem Figurenspiel kann
Weiß die starken Freibauern aufhalten.} e4 {[%csl Rh7]} 44. Bg8 e3 (44... d4 $2
45. Rxa2 $16) 45. Kg3 e2 {Und hier wurde in gleicher Stellung remis gegeben.} (
45... e2 46. Kf2 e1=Q+ 47. Kxe1 Rb1+ 48. Kd2 a1=Q 49. Rxa1 Rxa1 50. Bxd5 $11 {
[%mdl 192]}) 1/2-1/2

[Event "ROM-ch"]
[Site "Bucharest"]
[Date "1998.12.09"]
[Round "2"]
[White "Florescu, Codrut Constantin"]
[Black "Dumitrache, Dragos Nicolae"]
[Result "1-0"]
[WhiteElo "2320"]
[BlackElo "2420"]
[Annotator "Ribli,Z"]
[PlyCount "59"]
[EventDate "1998.12.08"]
[EventType "tourn"]
[EventRounds "15"]
[EventCountry "ROU"]
[EventCategory "9"]
[SourceTitle "CBM 069"]
[Source "ChessBase"]
[SourceDate "1999.04.01"]
[SourceVersion "1"]
[SourceVersionDate "1999.04.01"]
[SourceQuality "1"]

1. e4 {Meulders} c5 2. Nf3 Nc6 3. d4 cxd4 4. Nxd4 Qc7 5. Nc3 e6 6. g3 a6 7. Bg2
Nf6 8. O-O Bc5 {Das ist die prinzipielle Fortsetzung. Wir können die Hauptidee
der Paulsen-Variante erkennen, denn da Schwarz nicht ...d7-d6 gespielt hat,
kann er seinen Königsläufer nach b4 oder c5 entwickeln. Ribli.   Meulders: 'An
dieser Stelle wird meistens - falls Schwarz den Taimanovschen Charakter
behalten wird - 8...Be7 oder...Nxd4 gespielt. 8...d6 führt zur
Scheweningen-Variante. Der Textzug ist schon alt, aber heutzutage wieder in
der Mode.'} 9. Nb3 {Dieser natürliche Springerzug bietet Weiß keinen
Eröffnungsvorteil. Die Alternative 9.Nxc6 ist chancenreicher.} Ba7 ({Früher
wurde meistens} 9... Be7 {(Meulders) gespielt, z.B.} 10. Qe2 d6 11. Be3 O-O 12.
Rad1 Rb8 13. a4 b6 14. h3 Nd7 15. f4 Nc5 16. Nd4 Bb7 17. Kh2 Bf6 18. Nxc6 Bxc6
19. Bd4 {1/2-1/2 Gipslis,A-Taimanov,M/Moscow 1972/MCD (19)}) 10. Bf4 (10. Bg5
Ne5 11. Qe2 d6 $13) 10... Ne5 11. a4 {Weiss verhindert b7-b5.Ribli.} d6 12. Qe2
Bd7 13. Rad1 Rc8 $11 {[%csl Yc4][%cal Gc8c2] Der schwarze König steht in der
Mitte, aber Weiß hat keinen Angriff, während die schwarzen Figuren aktiv sind.}
(13... h6 $5 14. Kh1 (14. Nd2 Rc8 15. Be3 Bxe3 16. Qxe3 O-O 17. h3 b5 18. axb5
axb5 19. f4 Ng6 20. Rc1 b4 21. Nd1 Qb8 {1/2-1/2 Hitzgerova,G-Sziva,E/Pula 1997/
EXP 57/[CZE - NED] (69)}) 14... g5 15. Bxe5 dxe5 16. f4 gxf4 17. gxf4 Rg8 18.
Nd2 exf4 19. e5 Bc6 20. Bxc6+ Qxc6+ 21. Rf3 O-O-O 22. h3 Rg3 23. Kh2 Rxd2 24.
Qxd2 Rxh3+ {0-1 Mithrakanth,P-Reefat,b/Calcutta op 1996/EXP 50 (24)}) 14. h3 (
14. Bxe5 dxe5 $15) 14... h5 {'?!' Meulders. Meulders: 'Ein typischer Zug in
dieser Variante. Die schwarze "Frechheit" beruht auf: 1.den starken Ne5, den
Weiss nur auf Kosten seines Angriffslaüfers beseitigen kann;  2.die hemmende
Wirkung des diskret aufgestellten Ba7;  3.die sichere Königsstellung auf dem
Originalfeld e8.  Der Hauptzweck ist Ng4 spielen zu können, was in dieser
Partie gar kein Thema ist. Der Nachteil ist, daß obendrein dass Feld g5
ernsthaft geschwächt wird.'} (14... h6 $5) (14... O-O 15. Bg5 $36) 15. Kh1 Nc4
$5 {[#]Übersicht oder gute Intuition? Nach diesem Zug hat Weiß eine
interessante Kombination, aber letztlich ist sie für Schwarz ungefährlich.  
Meulders: 'Wozu verlässt dieser Blockeur schon seinen Posten? Ähnlich einer
anderen Taimanov-Variante könnte Schwarz hier den König auf e7 stellen, aber
das ist ziemlich riskant:'} (15... Ke7 $6 {Meulders} 16. Nd4 $5 (16. Rd2 $2 Nc4
17. Bxd6+ $8 Nxd6 18. e5 Nde8 (18... Nc4 $1 19. exf6+ Kf8 $1 (19... gxf6 $4 20.
Nd5+ $18) 20. fxg7+ Kxg7 21. Rdd1 Nxb2 $19) 19. exf6+ Nxf6 20. Rfd1 Rcd8 21.
Nd4 Bxd4 22. Rxd4 Bc6 $11) (16. Bg5 $1 Nc4 17. Bc1 h4 18. g4 Kf8 19. f4 Be8 20.
e5 Nd7 21. exd6 Nxd6 22. f5 $40 {und Schwarz ist ohne Gegenspiel.}) 16... Bxd4
17. Rxd4 Bc6 $2 (17... Ne8 $5 18. Rfd1 f6 19. Bc1 g6 20. f4 Nc6 21. Rc4 Qb8 $14
{/+/-}) 18. Bg5 $16) 16. Bxd6 $5 {'!' Meulders. Mit diesem zeitweiligen Opfer
kann Weiß das Spiel öffnen.} (16. Bc1 b5 $13) 16... Nxd6 17. e5 {[%csl Re8]
[%cal Re5d6,Re5f6]} Nf5 $5 (17... Nde4 18. Nxe4 (18. exf6 Nxf6 $11) 18... Nxe4
19. Qxe4 (19. Bxe4 Bxa4 $11) 19... Bc6 (19... Qxc2 20. Qxb7 {[%cal Rb7d7,Rb7a7]
} Qc7 21. Qxa6 $18) 20. Qf4 Bxg2+ 21. Kxg2 $16) 18. exf6 gxf6 $13 19. Ne4 {
[%csl Re8,Rf6][%cal Re4f6] '=/+?!' Meulders.} (19. Nd5 Qd8 20. Nf4 (20. Rd3 {
Meulders} Bc6 (20... Bxa4 21. Nc3 Bd7 22. Bxb7 $16) 21. Rfd1 $16) 20... Qc7 $11
) 19... Ke7 $2 {Dieser Zug ist zu optimistisch. Es wäre viel besser, den
d7-Läufer zu aktivieren. Jetzt bekommt Weiß starken Angriff. Meulders: 'Jetzt
ist dieser Zug falsch: mit Tempogewinn sichert Weiss sich eine überlegene
Stellung.'} (19... Bxa4 $1 20. Nxf6+ Kf8 $13 {Wegen des Läuferpaares steht
Schwarz nicht schlechter.} (20... Ke7 21. Nd5+ $18 {[%cal Rd5c7,Rd5e7]})) (
19... Rh6 $1 $15 {Meulders} 20. Qd2 Bxa4 21. Nd6+ Qxd6 22. Qxh6 Nxh6 $1 23.
Rxd6 Rxc2 24. Na5 Nf5 25. Rdd1 Rxb2 $19) 20. Qd2 $1 {[%csl Rd7,Re7][%cal Rd2b4,
Rb4e7] Meulders: 'Die Drohung Qb4+ gefolgt durch Nxf6 zwingt den Turm nach h6.'
} Rh6 {Schwarz verteidigt den f6-Bauern.} (20... Rhd8 $2 21. Qb4+ Ke8 22. Nxf6#
) 21. Qb4+ {[%csl Gb4]} Ke8 22. Nd6+ {Weiß spielt einfach und gut. Er tauscht
den schwarzen Springer, den wichtigsten Verteidiger des Königsflügels.} Nxd6
23. Rxd6 {[%csl Gb4,Rb7,Gd6,Re8] '+/-' Meulders.} Bc6 (23... h4 24. Rfd1 $16)
24. Bxc6+ bxc6 25. Rfd1 $16 {[%csl Gd1,Gd6,Re8] Die Aufstellung der weißen
Türme in der d-Linie überzeugt.} c5 26. Qd2 {[%cal Rd2h6,Gd1d8]} Rh8 27. Rd7
$18 {Das Eindringen des Turms auf d7 entscheidet die Partie.} Qc6+ 28. Kg1 Bb6
(28... Bb8 29. Rd8+ Ke7 30. Qd7+ Qxd7 31. R1xd7#) (28... Qb6 {Meulders} 29. Na5
$1 c4 30. Nxc4 $18) 29. Rd6 Qc7 30. Rxb6 {[%csl Re8][%mdl 8256] '!' Meulders.
Schwarz verliert eine Figur und gab daher auf.} (30. Rxb6 Qxb6 31. Qd7+ Kf8 32.
Qxc8+ $18) 1-0

[Event "RUS-chT 03rd"]
[Site "Kazan"]
[Date "1995.??.??"]
[Round "5"]
[White "Svidler, Peter"]
[Black "Landa, Konstantin"]
[Result "1/2-1/2"]
[WhiteElo "2635"]
[BlackElo "2515"]
[Annotator "Ribli,Z"]
[PlyCount "95"]
[EventDate "1995.??.??"]
[EventType "team-tourn"]
[EventRounds "9"]
[EventCountry "RUS"]
[SourceTitle "CBM 051"]
[Source "ChessBase"]
[SourceDate "1996.04.01"]
[SourceVersion "1"]
[SourceVersionDate "1996.04.01"]
[SourceQuality "1"]
[WhiteTeam "Sankt Petersburg FINEK"]
[BlackTeam "Surgut Fakel-Surgutgazprom"]
[WhiteTeamCountry "RUS"]
[BlackTeamCountry "RUS"]

1. e4 c5 2. Nf3 e6 3. d4 cxd4 4. Nxd4 a6 5. Nc3 Qc7 6. g3 Nf6 7. Bg2 Nc6 8. O-O
Be7 9. Re1 O-O {Schwarz waehlt eine seltene Variante, wo Weiss einen
unbedeutenden Vorteil bekommt.} 10. Nxc6 dxc6 11. e5 Rd8 $1 12. Qf3 Nd5 13. h4
Nxc3 14. Qxc3 Bd7 15. Bg5 Bxg5 $146 (15... Be8 $5 16. b4 (16. Rad1 Rxd1 $1 17.
Rxd1 Bf8 $1 $10) 16... a5 (16... Bxg5 17. hxg5 a5 18. b5 Rac8 $10 {Umanskaya,I}
) 17. a3 axb4 18. axb4 Rxa1 19. Rxa1 Bxg5 20. hxg5 Qb6 $10 {Georgiev,
Ki-Umanskaya,I/Komotini/1993/INF58,(219)/}) 16. hxg5 Be8 17. Be4 g6 18. b3 a5
$5 {Schwarz will seine allen Bauern am Damenfluegel auf die schwarzen Feldern
stellen, wo sie nicht so angreiffbar sind.} 19. Bf3 Rac8 20. Rad1 b6 21. Qe3 c5
22. Qf4 $1 {>< d6} Bc6 23. Bxc6 Qxc6 24. c4 (24. Rd6 Rxd6 25. exd6 Rd8 26. Rd1
Rd7 $14 {Weiss steht wegen seines starken d-Freibauern minimal besser, sehr
fragwuerdig ist ob er einen Durchbruch erhalten kann oder nicht?}) 24... Rd7
25. Rd6 $5 {Sonst kommt Rcd8 und Weiss hat gar nichts.} Rxd6 26. exd6 Rd8 27.
Rd1 a4 $1 {Der Nachziehende will das Material reduzieren, damit die
Remischance erhoehen wird.} 28. Rd2 axb3 29. axb3 Rd7 30. f3 b5 $5 31. Kg2 bxc4
32. bxc4 Kf8 33. Rb2 Qc8 $8 (33... Qxd6 $4 34. Rb8+ $18) (33... Rxd6 34. Rb8+
Ke7 35. Qf6+ Kd7 36. Qxf7#) 34. Qe5 Kg8 35. Rb5 (35. Rb6 Rd8 36. Rb5 (36. g4 $5
) 36... Qd7 37. Qxc5 Qxd6 38. Qxd6 Rxd6 39. Rb8+ Kg7 40. Rc8 Rd2+ 41. Kh3 h6
$10) 35... Qd8 36. Rxc5 Rxd6 37. Rb5 Rc6 38. Rb8 (38. c5 Rc8 39. Rb7 Qd2+ 40.
Kh3 Qc1 $10) 38... Rc8 39. Rxc8 Qxc8 40. c5 {Der Freibauer auf die c-Linie
sieht sehr gefaehrlich aus, aber Schwarz kann gut kontern.} Qa6 41. Qc3 Qc6 $1
$146 {Sonst maschiert der c-Bauern unaufhaltsam voran.} 42. Qd4 Kf8 43. Qh8+ (
43. Qd8+ Kg7 44. Qd6 Qb5 45. c6 Qe2+ $10) 43... Ke7 44. Qd4 Kf8 45. Kf2 Ke8 46.
Ke3 Qc7 47. f4 Qc6 48. Kd2 {Ribli} 1/2-1/2